Rioni (Arrondissements) de Rome sur une carte - Statistiques

Statistiques générales
  • Ce quiz a été pris 28 fois
  • Le résultat moyen est 7 sur 22
Réponses sur la Carte
Les réponses sont colorées sur une échelle allant du rouge au vert en fonction du pourcentage des utilisateurs qui les ont devinées à leur premier essai. Vous pouvez retrouver ces pourcentages ci-dessous.
 
Statistiques - réponses
Rione % Correct
XIII Trastevere
86%
XX Testaccio
55%
XV Esquilino
50%
XXII Prati
50%
XII Ripa
50%
I Monti
36%
II Trevi
36%
XIX Celio
32%
V Ponte
32%
XIV Borgo
27%
X Campitelli
27%
VII Regola
27%
XXI San Saba
27%
VIII Sant'Eustachio
27%
IV Campo Marzio
23%
XVIII Castro Pretorio
23%
III Colonna
23%
XVI Ludovisi
23%
XI Sant'Angelo
23%
VI Parione
18%
IX Pigna
18%
XVII Sallustiano
18%
Aucun quiz correspondant
Distribution des résultats
% des personnes avec chaque résultat
Percentile par nombre de réponses
Votre historique - résultats
Vous n’avez pas pris ce quiz